Tratado de los recursos. Tomo I /
Guardado en:
| Otros Autores: | , |
|---|---|
| Formato: | Libro |
| Idioma: | Spanish |
| Publicado: |
Santa Fe :
Rubinzal Culzoni,
2013.
|
| Edición: | 1a. ed. |
| Materias: | |
| Etiquetas: |
Agregar Etiqueta
Sin Etiquetas, Sea el primero en etiquetar este registro!
|
| LEADER | 00681nam a22001815a 4500 | ||
|---|---|---|---|
| 001 | DER.der015462 | ||
| 008 | 251111s2013####ag############000#0#spa#d | ||
| 005 | 20251111151413.0 | ||
| 245 | 1 | 0 | |a Tratado de los recursos. |n Tomo I / |c coordinado por Alejandro Francisco Luna ; María Valeria Di Bernardo - Dirigido por Marcelo Sebastián Midón. |
| 250 | |a 1a. ed. | ||
| 260 | |a Santa Fe : |b Rubinzal Culzoni, |c 2013. | ||
| 300 | |a 456 p. | ||
| 020 | |a 9789873003691 | ||
| 700 | 1 | |a Midón, Marcelo Sebastián, |e dir. | |
| 700 | 1 | |a Luna, Alejandro Francisco, |e coord. | |
| 700 | 1 | |a Di Bernardo, María Valeria, |e coord. | |
| 653 | |a DERECHO PROCESAL | ||
| 859 | |a DERECHO |b BIB. DERECHO |h 347.05 |i MID |p 009488 |3 Tomo I | ||
